| 000 | 00457nam a2200133Ia 4500 | ||
|---|---|---|---|
| 008 | 260210s9999 xx 000 0 und d | ||
| 024 | _a97A-054-CS, 98A-019-CS & 98A-035-CS | ||
| 082 | _a658.16072 MOE | ||
| 100 | _aSyed Abdul Moeed, Bilal Mohammad Manzhar & Raheel Ahmed Qidwai | ||
| 245 | 0 | _aPC-Based Data Acquisition System | |
| 260 |
_aKarachi: _bUITU, _c1998 |
||
| 600 | _aComputer System Engineering | ||
| 650 | _aBachelor of Engineering (BE) | ||
| 999 |
_c32738 _d32738 |
||